| 000 | 00382 a2200109 4500 | ||
|---|---|---|---|
| 001 | ART_18339 | ||
| 005 | 20260410161919.0 | ||
| 008 | 260409a | ||
| 245 | 1 | 0 | _aNaturaleza de la transmisión de los derechos en la escisión y fusión de sociedades |
| 100 | 1 | _aOtero Errill, Francisco J. | |
| 773 | 0 |
_tLa información _g- Tomo XXXIII, Nº 557 (mayo 1976) _wREV14902 |
|
| 999 |
_c27535 _d27535 |
||